[Event "British Columbia op"]
[Site "Richmond CAN"]
[Date "2023.02.20"]
[Round "6.6"]
[White "Doknjas, Neil"]
[Black "Xu, Andrew"]
[Result "1-0"]
[WhiteElo "2239"]
[BlackElo "1936"]
[PlyCount "69"]
[EventDate "2023.02.18"]
[EventType "swiss"]
[EventRounds "6"]
[EventCountry "CAN"]

1. e4 c6 2. Nf3 d5 3. d3 Bg4 4. h3 Bh5 5. Qe2 e6 6. g4 Bg6 7. h4 dxe4 8. dxe4
h5 9. g5 Qc7 10. Bd2 Nd7 11. Bc3 O-O-O 12. Nbd2 Rh7 13. b4 f5 14. O-O-O Ne7 15.
Bb2 fxe4 16. Nd4 Bf5 17. Bh3 Bxh3 18. Rxh3 Qd6 19. Qxe4 Rh8 20. Nxe6 Nd5 21.
Nxd8 Kxd8 22. Nc4 Qxb4 23. Rb3 Qa4 24. Rxd5 cxd5 25. Qxd5 Qc6 26. Qd3 Qh1+ 27.
Kd2 Qxh4 28. Bd4 b6 29. Ne5 Qf4+ 30. Kd1 Bc5 31. Bb2 Qa4 32. Rb5 Kc8 33. Qxd7+
Kb8 34. Rxb6+ Bxb6 35. Qxa4 1-0

[Event "British Columbia op"]
[Site "Richmond CAN"]
[Date "2023.02.20"]
[Round "6.8"]
[White "Moura, Eduardo"]
[Black "Roback, Joe"]
[Result "1/2-1/2"]
[WhiteElo "2203"]
[BlackElo "2063"]
[PlyCount "49"]
[EventDate "2023.02.18"]
[EventType "swiss"]
[EventRounds "6"]
[EventCountry "CAN"]

1. e4 c5 2. c3 Nf6 3. e5 Nd5 4. d4 cxd4 5. Nf3 b6 6. Qxd4 e6 7. Bd3 Nc6 8. Qe4
Bb7 9. O-O Qc7 10. Bg5 d6 11. exd6 Bxd6 12. Re1 Nde7 13. Na3 Bxa3 14. bxa3 Na5
15. Bb5+ Bc6 16. Nd4 O-O 17. Nxc6 Naxc6 18. Bf4 Qc8 19. c4 Rd8 20. Rad1 Na5 21.
Bd6 Nf5 22. Bb4 a6 23. Rxd8+ Qxd8 24. Ba4 Rc8 25. Bxa5 1/2-1/2

[Event "British Columbia op"]
[Site "Richmond CAN"]
[Date "2023.02.20"]
[Round "6.9"]
[White "Verdon, Norman"]
[Black "Song, Ethan"]
[Result "0-1"]
[WhiteElo "1966"]
[BlackElo "2129"]
[PlyCount "58"]
[EventDate "2023.02.18"]
[EventType "swiss"]
[EventRounds "6"]
[EventCountry "CAN"]

1. Nf3 Nf6 2. g3 d5 3. Bg2 c5 4. O-O Nc6 5. d3 e5 6. e4 Be7 7. Bg5 d4 8. a4 h6
9. Bc1 Be6 10. Na3 a6 11. Bd2 Nd7 12. b3 O-O 13. Ne1 f5 14. Bh3 Rf6 15. exf5
Bxf5 16. Bg2 Rb8 17. f4 exf4 18. Bxf4 Rc8 19. Qe2 Nb6 20. Nc4 Nxc4 21. bxc4 Bd6
22. Bd2 Qd7 23. Rb1 Bg4 24. Bf3 Rcf8 25. Rf2 Ne5 26. Bf4 Nxf3+ 27. Nxf3 Bxf4
28. gxf4 Rxf4 29. Rbf1 Qxa4 0-1

[Event "British Columbia op"]
[Site "Richmond CAN"]
[Date "2023.02.20"]
[Round "6.10"]
[White "Williamson, Jason"]
[Black "Wu, Jonathan"]
[Result "1/2-1/2"]
[WhiteElo "1953"]
[BlackElo "2071"]
[PlyCount "82"]
[EventDate "2023.02.18"]
[EventType "swiss"]
[EventRounds "6"]
[EventCountry "CAN"]

1. e4 c6 2. d4 d5 3. Nd2 dxe4 4. Nxe4 Nf6 5. Nxf6+ exf6 6. Nf3 Bd6 7. Be2 O-O
8. O-O Re8 9. Be3 Bg4 10. h3 Bh5 11. c4 Qc7 12. Re1 Nd7 13. d5 c5 14. Nh4 Bg6
15. Nxg6 hxg6 16. Qc2 f5 17. Rac1 a5 18. Bf1 Nf6 19. Bd3 Bf4 20. Qd2 Be5 21. f4
Bd6 22. g3 Ne4 23. Bxe4 Rxe4 24. Bf2 Rae8 25. b3 g5 26. fxg5 Bxg3 27. Rxe4 fxe4
28. Be3 b6 29. Rf1 Qd7 30. Kg2 Be5 31. Qf2 Qe7 32. Qf5 Bd4 33. g6 fxg6 34. Qf2
Bf6 35. Qe2 Qd7 36. Rf4 Bg5 37. Rg4 Bxe3 38. Qxe3 Qf5 39. Rg3 Qe5 40. Rxg6 Rf8
41. Rg3 Qb2+ 1/2-1/2

[Event "British Columbia-Washington m"]
[Site "Vancouver CAN"]
[Date "2023.07.01"]
[Round "1.1"]
[White "Doknjas, Neil"]
[Black "Paez, David"]
[Result "1-0"]
[WhiteElo "2270"]
[BlackElo "1970"]
[PlyCount "91"]
[EventDate "2023.07.01"]
[EventType "swiss"]
[EventRounds "6"]
[EventCountry "CAN"]

1. e4 e6 2. d4 d5 3. Nd2 c5 4. exd5 exd5 5. Ngf3 Nf6 6. Bb5+ Bd7 7. Bxd7+ Nbxd7
8. O-O Be7 9. dxc5 Nxc5 10. Nb3 Nce4 11. Nfd4 Qd7 12. c3 Rc8 13. Re1 O-O 14.
Qd3 Qg4 15. f3 Qh4 16. g3 Nxg3 17. Rxe7 Rce8 18. Rxe8 Rxe8 19. Be3 Qh3 20. Qd2
Ngh5 21. Re1 Re5 22. Qg2 Qh4 23. Re2 h6 24. Bf2 Qf4 25. Rxe5 Qxe5 26. Bg3 Qe3+
27. Qf2 Qg5 28. Qd2 Qg6 29. Qc2 Qg5 30. Kf2 Nxg3 31. hxg3 Nh5 32. Ne2 f5 33.
Qd2 f4 34. gxf4 Qh4+ 35. Ke3 Qe7+ 36. Kd3 Nf6 37. Qe3 Qd7 38. Ned4 Kh8 39. Qe6
Qc7 40. Qe5 Qc4+ 41. Kc2 h5 42. Qb8+ Kh7 43. Qxb7 h4 44. Nf5 Nh5 45. Qf7 Qe2+
46. Nd2 1-0

[Event "British Columbia-Washington m"]
[Site "Vancouver CAN"]
[Date "2023.07.01"]
[Round "1.2"]
[White "Petrov, Ivan"]
[Black "Sinanan, Joshua"]
[Result "1/2-1/2"]
[WhiteElo "1856"]
[BlackElo "2263"]
[PlyCount "84"]
[EventDate "2023.07.01"]
[EventType "swiss"]
[EventRounds "6"]
[EventCountry "CAN"]

1. d4 Nf6 2. Bf4 d5 3. e3 c5 4. Nf3 Nc6 5. Nbd2 Qb6 6. dxc5 Qxc5 7. a3 a5 8. c4
e6 9. Rc1 Qb6 10. cxd5 exd5 11. Qb3 Bc5 12. Qxb6 Bxb6 13. Bb5 Bd7 14. O-O O-O
15. Rfd1 a4 16. Nb1 Ra5 17. Nc3 Rfa8 18. Be2 h6 19. Nb5 Bg4 20. h3 Bxf3 21.
gxf3 Nd8 22. Be5 d4 23. Bxd4 Bxd4 24. Rxd4 Nc6 25. Rd2 Ne5 26. Rdc2 Nxf3+ 27.
Bxf3 Rxb5 28. Rd2 Ra6 29. Rc8+ Kh7 30. Rc7 Rab6 31. Rxf7 Rxb2 32. Rxb2 Rxb2 33.
Rxb7 Ra2 34. e4 Rxa3 35. Kg2 Kg6 36. e5 Nh5 37. Bxh5+ Kxh5 38. Rxg7 Ra1 39. f4
a3 40. f5 Re1 41. Ra7 Rxe5 42. f6 Kg6 1/2-1/2

[Event "British Columbia-Washington m"]
[Site "Vancouver CAN"]
[Date "2023.07.01"]
[Round "1.3"]
[White "Song, Ethan"]
[Black "Bulakh, Nikolay"]
[Result "1-0"]
[WhiteElo "2256"]
[BlackElo "1934"]
[PlyCount "73"]
[EventDate "2023.07.01"]
[EventType "swiss"]
[EventRounds "6"]
[EventCountry "CAN"]

1. e4 c5 2. Nc3 Nc6 3. Nf3 g6 4. d4 cxd4 5. Nxd4 Bg7 6. Be3 d6 7. Bc4 Nf6 8.
Bb3 O-O 9. f3 h5 10. Qd2 Bd7 11. h3 Rc8 12. Nxc6 bxc6 13. O-O c5 14. Bc4 Qb6
15. f4 Bc6 16. e5 dxe5 17. fxe5 Ne4 18. Nxe4 Bxe4 19. Qd7 Rc7 20. Bxf7+ Rxf7
21. Qe8+ Rf8 22. Rxf8+ Bxf8 23. Bh6 c4+ 24. Kf1 e6 25. Qxf8+ Kh7 26. Bg5 Qb7
27. Qh6+ Kg8 28. Bf6 Rh7 29. Qg5 Bxc2 30. Qd2 Bd3+ 31. Kg1 Rd7 32. Qh6 Rh7 33.
Qd2 Rd7 34. Rc1 Qd5 35. b3 a5 36. bxc4 Bxc4 37. Qh6 1-0

[Event "British Columbia-Washington m"]
[Site "Vancouver CAN"]
[Date "2023.07.01"]
[Round "1.4"]
[White "Zhu, Jamie Zhongyun"]
[Black "Yang, Ryan"]
[Result "0-1"]
[WhiteElo "1858"]
[BlackElo "2235"]
[PlyCount "68"]
[EventDate "2023.07.01"]
[EventType "swiss"]
[EventRounds "6"]
[EventCountry "CAN"]

1. c4 e5 2. g3 Nf6 3. Bg2 c6 4. d4 e4 5. d5 cxd5 6. cxd5 Bb4+ 7. Bd2 Nxd5 8.
Bxe4 Bxd2+ 9. Qxd2 Nf6 10. Bg2 O-O 11. Nc3 Nc6 12. Rd1 Qb6 13. Nf3 d5 14. O-O
Be6 15. b3 Rac8 16. Qb2 Rfd8 17. e3 Bg4 18. Ne2 a5 19. h3 Bf5 20. Nfd4 Be4 21.
Nc3 Nb4 22. Nxe4 dxe4 23. Qe2 h6 24. Rc1 Ra8 25. a3 Nd3 26. Rcd1 Ne5 27. Rb1
Qd6 28. Rfd1 Nd3 29. Kh2 Qxa3 30. Bxe4 Nxf2 31. Bxb7 Nxd1 32. Bxa8 Nc3 33. Nb5
Nxb5 34. Qxb5 Qa2+ 0-1

[Event "British Columbia-Washington m"]
[Site "Vancouver CAN"]
[Date "2023.07.01"]
[Round "1.5"]
[White "Lu, Yiding"]
[Black "Zhang, Joyce"]
[Result "1-0"]
[WhiteElo "2181"]
[BlackElo "1823"]
[PlyCount "83"]
[EventDate "2023.07.01"]
[EventType "swiss"]
[EventRounds "6"]
[EventCountry "CAN"]

1. e4 c5 2. Nf3 d6 3. d4 cxd4 4. Nxd4 Nf6 5. Nc3 a6 6. h3 e5 7. Nde2 Be7 8. g4
h6 9. Bg2 Nbd7 10. Ng3 g6 11. Be3 Nb6 12. Qc1 h5 13. g5 Nfd7 14. h4 Nc5 15. b3
Be6 16. Qd2 Rc8 17. f4 f6 18. f5 Bf7 19. Bh3 Rc6 20. fxg6 Bxg6 21. Bf5 Bxf5 22.
Nxf5 Rg8 23. Rg1 Qd7 24. Qe2 fxg5 25. Qxh5+ Kd8 26. Qh7 Re8 27. Nxe7 Rxe7 28.
Bxg5 Ne6 29. Bxe7+ Qxe7 30. Qg8+ Kd7 31. Qg3 Nd4 32. Qh3+ Kc7 33. O-O-O d5 34.
exd5 Rf6 35. Rgf1 Qh7 36. Qh2 Nf3 37. Rxf3 Rxf3 38. Qxe5+ Kd8 39. d6 Rf2 40.
Ne2 Rxe2 41. Qg5+ Kc8 42. Qg4+ 1-0

[Event "British Columbia-Washington m"]
[Site "Vancouver CAN"]
[Date "2023.07.01"]
[Round "1.6"]
[White "Kerry, James"]
[Black "Liu, Austin"]
[Result "0-1"]
[WhiteElo "1812"]
[BlackElo "2174"]
[PlyCount "78"]
[EventDate "2023.07.01"]
[EventType "swiss"]
[EventRounds "6"]
[EventCountry "CAN"]

1. e4 c5 2. Nc3 d6 3. f4 g6 4. Nf3 Bg7 5. Bc4 Nc6 6. d3 e6 7. f5 exf5 8. O-O
Nge7 9. Qe1 h6 10. Nh4 Ne5 11. Bb3 O-O 12. Bd2 Kh7 13. Kh1 Be6 14. exf5 Nxf5
15. Nxf5 Bxf5 16. Qg3 Be6 17. Nd5 b5 18. c4 Bxd5 19. cxd5 Qd7 20. h3 Qb7 21. d4
cxd4 22. Rf4 Nc4 23. Qf2 Nxd2 24. Qxd2 f5 25. Re1 Rae8 26. Re6 Rxe6 27. dxe6
Re8 28. Rf1 d5 29. Re1 Qc6 30. Qe2 d3 31. Qe3 d2 32. Qxd2 Rxe6 33. Rxe6 Qxe6
34. Bxd5 Qe5 35. b3 Qa1+ 36. Kh2 Bd4 37. Qe2 Bg1+ 38. Kg3 Qc3+ 39. Bf3 Qc7+ 0-1

[Event "British Columbia-Washington m"]
[Site "Vancouver CAN"]
[Date "2023.07.02"]
[Round "2.1"]
[White "Liu, Austin"]
[Black "Doknjas, Neil"]
[Result "1/2-1/2"]
[WhiteElo "2174"]
[BlackElo "2270"]
[PlyCount "122"]
[EventDate "2023.07.01"]
[EventType "swiss"]
[EventRounds "6"]
[EventCountry "CAN"]

1. e4 c6 2. d4 d5 3. Nc3 dxe4 4. Nxe4 Nf6 5. Nxf6+ exf6 6. c3 Bd6 7. Bd3 O-O 8.
Qc2 Re8+ 9. Ne2 h5 10. O-O h4 11. h3 Nd7 12. Bd2 Nf8 13. Rae1 g6 14. c4 Bb8 15.
Qc3 Ne6 16. f4 f5 17. b3 Ng7 18. Bc1 Bd6 19. Bb2 Bf8 20. Bb1 Nh5 21. Qd3 Bg7
22. Rd1 Be6 23. Bc3 Qe7 24. Rfe1 Rad8 25. Qf3 Bh6 26. Qf2 Rd7 27. Bd3 Qd8 28.
Rf1 Bg7 29. Rd2 b6 30. Rfd1 Kh7 31. Bb1 Bh6 32. Qf3 Qc7 33. d5 cxd5 34. cxd5
Bxd5 35. Rxd5 Rxd5 36. Rxd5 Rxe2 37. Qxe2 Nxf4 38. Qe5 Qxc3 39. Qxc3 Ne2+ 40.
Kf2 Nxc3 41. Rd7 Nxb1 42. Rxf7+ Bg7 43. Rxa7 Nc3 44. a4 Kh6 45. Rc7 Bd4+ 46.
Kf3 Ne4 47. b4 Bc3 48. Rc6 Bxb4 49. Rxb6 Bc5 50. Rb5 Bg1 51. a5 Kg5 52. a6 Nd2+
53. Ke2 Nc4 54. Rb7 Nd6 55. a7 Bxa7 56. Rxa7 Ne4 57. Kf3 Nd2+ 58. Ke2 Nc4 59.
Kf3 Ne5+ 60. Ke2 Kf4 61. Ra4+ Kg5 1/2-1/2

[Event "British Columbia-Washington m"]
[Site "Vancouver CAN"]
[Date "2023.07.02"]
[Round "2.2"]
[White "Wang, Ted"]
[Black "Song, Ethan"]
[Result "0-1"]
[WhiteElo "2019"]
[BlackElo "2256"]
[PlyCount "88"]
[EventDate "2023.07.01"]
[EventType "swiss"]
[EventRounds "6"]
[EventCountry "CAN"]

1. e4 e5 2. Nf3 Nc6 3. Bc4 Bc5 4. c3 Nf6 5. d3 d6 6. Bb3 a5 7. Nbd2 O-O 8. h3
Be6 9. O-O Bb6 10. Re1 Bxb3 11. axb3 d5 12. Qe2 Nh5 13. Nf1 dxe4 14. dxe4 Qf6
15. Be3 Bxe3 16. Qxe3 Qe6 17. N1d2 Nf4 18. Red1 f6 19. Ne1 Rad8 20. h4 Qg4 21.
g3 f5 22. exf5 Rxf5 23. Kh2 Nd5 24. Qc5 b6 25. f3 Rxf3 26. Qg1 Nf4 27. Qg2 Nxg2
28. Nexf3 Ne3 29. Rg1 Rxd2+ 30. Nxd2 Qe2+ 31. Kh3 Qxd2 32. Rae1 h5 33. Rb1 Ng4
34. Rg2 Qd7 35. Re2 e4 36. Rbe1 Nce5 37. Kg2 e3 38. Rf1 Qd5+ 39. Kh3 Nf2+ 40.
Rexf2 exf2 41. Rxf2 Qh1+ 42. Rh2 Qf1+ 43. Rg2 Ng4 44. b4 Qh1+ 0-1

[Event "British Columbia-Washington m"]
[Site "Vancouver CAN"]
[Date "2023.07.02"]
[Round "2.3"]
[White "Yang, Ryan"]
[Black "Lu, Yiding"]
[Result "0-1"]
[WhiteElo "2235"]
[BlackElo "2181"]
[PlyCount "102"]
[EventDate "2023.07.01"]
[EventType "swiss"]
[EventRounds "6"]
[EventCountry "CAN"]

1. e4 e6 2. d4 d5 3. e5 c5 4. c3 Nc6 5. Nf3 Qb6 6. Bd3 cxd4 7. cxd4 Bd7 8. Bc2
Nb4 9. Nc3 Nxc2+ 10. Qxc2 Ne7 11. O-O Nf5 12. Rd1 Be7 13. Qe2 h5 14. Be3 Qd8
15. Rac1 g5 16. Rc2 g4 17. Nd2 Rg8 18. Nf1 h4 19. Rdc1 g3 20. Qh5 Bg5 21. Qh7
Kf8 22. Nd1 Bxe3 23. fxe3 Qg5 24. hxg3 Ke7 25. gxh4 Qg4 26. Nh2 Qg3 27. Qh5
Qe1+ 28. Nf1 Qxf1+ 29. Kxf1 Ng3+ 30. Kf2 Nxh5 31. Nc3 Rg4 32. Rh1 Rf8 33. Ne2
f6 34. exf6+ Rxf6+ 35. Kg1 Kd6 36. Rh3 Bb5 37. Nc3 Rf1+ 38. Kh2 Be8 39. Re2 a6
40. b3 Bg6 41. Na4 Bf5 42. Rd2 Ke7 43. Rb2 Re1 44. Rf2 Re4 45. Nc5 Bxh3 46.
Nxe4 dxe4 47. Kxh3 Rxe3+ 48. Kg4 Nf6+ 49. Kg5 Rg3+ 50. Kf4 Rg4+ 51. Ke5 Nd7#
0-1

[Event "British Columbia-Washington m"]
[Site "Vancouver CAN"]
[Date "2023.07.02"]
[Round "2.4"]
[White "Xiong, Michael"]
[Black "He, Matthew"]
[Result "0-1"]
[WhiteElo "1390"]
[BlackElo "2148"]
[PlyCount "88"]
[EventDate "2023.07.01"]
[EventType "swiss"]
[EventRounds "6"]
[EventCountry "CAN"]

1. d4 d5 2. c4 e6 3. Nc3 Bb4 4. Nf3 Nf6 5. Bg5 Nbd7 6. e3 c5 7. cxd5 exd5 8.
Bd3 Qa5 9. Qd2 c4 10. Bxf6 Nxf6 11. Bc2 Ne4 12. Bxe4 dxe4 13. Ng1 O-O 14. Nge2
Bg4 15. h3 Bxe2 16. Kxe2 Qf5 17. Raf1 Qg6 18. g4 f5 19. Rhg1 Rae8 20. a3 Bd6
21. Nb5 Bb8 22. Qc3 Qe6 23. gxf5 Rxf5 24. d5 Qf7 25. Rg2 Rxd5 26. Nd4 Be5 27.
Rfg1 b5 28. Rg5 Rf8 29. Nf5 Kh8 30. Qe1 h6 31. Nxh6 Qf3+ 32. Kf1 Rd1 33. Nf5
Rxe1+ 34. Kxe1 Rxf5 35. Rxf5 Qxf5 36. Rg4 Bxb2 37. Rf4 Qxh3 38. Ke2 Qh5+ 39.
Kd2 c3+ 40. Kc2 Qe2+ 41. Kb3 Qd1+ 42. Ka2 c2 43. Kxb2 c1=Q+ 44. Ka2 Qdc2# 0-1

[Event "British Columbia-Washington m"]
[Site "Vancouver CAN"]
[Date "2023.07.02"]
[Round "2.5"]
[White "Sinanan, Joshua"]
[Black "Roback, Joe"]
[Result "1-0"]
[WhiteElo "2263"]
[BlackElo "2100"]
[PlyCount "101"]
[EventDate "2023.07.01"]
[EventType "swiss"]
[EventRounds "6"]
[EventCountry "CAN"]

1. d4 d5 2. c4 c6 3. Nf3 Nf6 4. Nc3 e6 5. Bg5 Nbd7 6. e3 Qa5 7. Nd2 Bb4 8. Qc2
dxc4 9. Bxf6 Nxf6 10. Nxc4 Qc7 11. Be2 O-O 12. O-O b6 13. a3 Be7 14. b4 Bb7 15.
Bf3 Rac8 16. Rab1 Ba6 17. Be2 c5 18. dxc5 bxc5 19. b5 Bb7 20. Bf3 Nd5 21. Rfd1
Rfd8 22. Na4 Rb8 23. Rd3 Ba8 24. Rdb3 g6 25. Nab2 h5 26. Nd3 h4 27. h3 Bf6 28.
a4 Be7 29. Rc1 Rdc8 30. Qd2 Rd8 31. Qa5 Rbc8 32. Qxc7 Rxc7 33. Na5 Nb6 34. Bxa8
Rxa8 35. Nb2 c4 36. Nbxc4 Nxa4 37. Nc6 Kf8 38. Ra1 Nc5 39. Rba3 a6 40. Nb6 Re8
41. Nxe7 axb5 42. Nec8 Rd8 43. Rc1 Ne4 44. Rxc7 Rd1+ 45. Kh2 Nxf2 46. g3 Rd2
47. gxh4 b4 48. Rb3 f5 49. Nd7+ Ke8 50. Nf6+ Kd8 51. Rd7+ 1-0

[Event "British Columbia-Washington m"]
[Site "Vancouver CAN"]
[Date "2023.07.02"]
[Round "2.6"]
[White "Mok, Gillian"]
[Black "Paez, David"]
[Result "0-1"]
[WhiteElo "2054"]
[BlackElo "1970"]
[PlyCount "124"]
[EventDate "2023.07.01"]
[EventType "swiss"]
[EventRounds "6"]
[EventCountry "CAN"]

1. e4 e6 2. d4 d5 3. exd5 exd5 4. Nf3 Bd6 5. c4 dxc4 6. Bxc4 Nf6 7. O-O O-O 8.
Bg5 Bg4 9. Re1 Nc6 10. Nc3 Bxf3 11. Qxf3 Nxd4 12. Qd1 h6 13. Bxf6 Qxf6 14. Ne4
Qd8 15. Nxd6 Qxd6 16. Rc1 c5 17. Qh5 b5 18. Bd5 Rad8 19. Rxc5 Ne2+ 20. Rxe2
Qxc5 21. Rd2 Qc1+ 22. Rd1 Qg5 23. Qf3 Qf6 24. Qb3 a6 25. h3 Rd7 26. Rc1 Rfd8
27. Bf3 Rd2 28. Rc3 Qd4 29. Re3 Qxb2 30. Qxb2 Rxb2 31. Ra3 Rd6 32. Bb7 Rd1+ 33.
Kh2 Rxf2 34. Rxa6 Rdd2 35. a3 f5 36. Ra5 Rb2 37. Bc6 b4 38. axb4 Rxb4 39. Bd5+
Kh7 40. Be6 Kg6 41. Ra6 Kf6 42. Kg1 Rfb2 43. Bd7+ Rb6 44. Ra5 g6 45. Rc5 Ke7
46. Ba4 Ra2 47. Rc4 Rbb2 48. Rc7+ Kd6 49. Rd7+ Ke6 50. Ra7 Rxg2+ 51. Kf1 Raf2+
52. Ke1 Ke5 53. Re7+ Kf4 54. Bc6 Rh2 55. Rg7 Rc2 56. Rd7 Rxc6 57. Kd1 Ra6 58.
Rc7 Raa2 59. Rc4+ Kg5 60. h4+ Kh5 61. Rc2 Raxc2 62. Ke1 Rc1# 0-1

[Event "British Columbia-Washington m"]
[Site "Vancouver CAN"]
[Date "2023.07.02"]
[Round "3.1"]
[White "Song, Ethan"]
[Black "Lu, Yiding"]
[Result "1-0"]
[WhiteElo "2256"]
[BlackElo "2181"]
[PlyCount "103"]
[EventDate "2023.07.01"]
[EventType "swiss"]
[EventRounds "6"]
[EventCountry "CAN"]

1. e4 e6 2. Nf3 d5 3. exd5 exd5 4. d4 Bd6 5. Bd3 Nc6 6. c3 Nge7 7. Qc2 Bg4 8.
Nbd2 Qd7 9. O-O O-O-O 10. h3 Bh5 11. b4 Kb8 12. b5 Na5 13. Ne5 Bxe5 14. dxe5
Bg6 15. Ba3 Nc4 16. Bxe7 Qxe7 17. Bxg6 hxg6 18. Nxc4 dxc4 19. Qe4 Rh4 20. f4
Qc5+ 21. Kh2 g5 22. Rad1 Rdh8 23. Rd5 Qe7 24. Qxc4 gxf4 25. Rxf4 Rxf4 26. Qxf4
Qe6 27. c4 f6 28. exf6 gxf6 29. Qf5 Qf7 30. Qf4 Qe6 31. Rf5 Rf8 32. a4 b6 33.
c5 Qe7 34. c6 a5 35. bxa6 Qd6 36. Qxd6 cxd6 37. g4 Kc7 38. g5 Kxc6 39. Rxf6 Rg8
40. g6 Kd7 41. Rf7+ Ke6 42. a7 Ra8 43. Rb7 d5 44. g7 Rc8 45. g8=Q+ Rxg8 46. Rb8
Rg4 47. hxg4 d4 48. a8=Q Ke5 49. Qf3 Kd6 50. Rxb6+ Ke7 51. Qb7+ Kd8 52. Rh6 1-0

[Event "British Columbia-Washington m"]
[Site "Vancouver CAN"]
[Date "2023.07.02"]
[Round "3.2"]
[White "He, Matthew"]
[Black "Sinanan, Joshua"]
[Result "1/2-1/2"]
[WhiteElo "2148"]
[BlackElo "2263"]
[PlyCount "87"]
[EventDate "2023.07.01"]
[EventType "swiss"]
[EventRounds "6"]
[EventCountry "CAN"]

1. d4 Nf6 2. c4 e6 3. Nc3 Bb4 4. Qc2 O-O 5. a3 Bxc3+ 6. Qxc3 b6 7. Bg5 Bb7 8.
e3 d6 9. Ne2 Nbd7 10. Qc2 c5 11. Nc3 cxd4 12. exd4 a6 13. Bd3 h6 14. Bh4 Qc7
15. O-O Rac8 16. Rac1 Qc6 17. f3 d5 18. cxd5 Nxd5 19. Be4 Qd6 20. Bg3 Qe7 21.
Bxd5 exd5 22. Rfe1 Qf6 23. Qd3 Rfe8 24. Rcd1 b5 25. Re3 Rxe3 26. Qxe3 Nb6 27.
b3 Bc6 28. Ne2 a5 29. Qe5 Qxe5 30. dxe5 a4 31. Bf2 Nd7 32. bxa4 Nxe5 33. axb5
Bxb5 34. Nf4 Bc4 35. Bb6 Rc6 36. Bd4 Ng6 37. Nh5 f6 38. Rb1 Rc7 39. Rb6 Ne5 40.
Nf4 Kf7 41. Rd6 Nc6 42. Ne6 Re7 43. Rxc6 Rxe6 44. Rxe6 1/2-1/2

[Event "British Columbia-Washington m"]
[Site "Vancouver CAN"]
[Date "2023.07.02"]
[Round "3.3"]
[White "Liu, Austin"]
[Black "Taylor, Ashton"]
[Result "1-0"]
[WhiteElo "2174"]
[BlackElo "1975"]
[PlyCount "63"]
[EventDate "2023.07.01"]
[EventType "swiss"]
[EventRounds "6"]
[EventCountry "CAN"]

1. e4 e5 2. Nf3 Nf6 3. Nxe5 d6 4. Nf3 Nxe4 5. Nc3 Nxc3 6. dxc3 Be7 7. Be3 O-O
8. Qd2 Nd7 9. O-O-O Nf6 10. Bd3 c5 11. Rhe1 Be6 12. Bg5 Bxa2 13. Qf4 Be6 14.
Qh4 g6 15. Bc4 h6 16. Rxe6 hxg5 17. Nxg5 fxe6 18. Nxe6 d5 19. Qh6 Kf7 20. Ng5+
Kg8 21. Qxg6+ Kh8 22. Qh6+ Kg8 23. Qg6+ Kh8 24. Qh6+ Kg8 25. Bxd5+ Qxd5 26.
Rxd5 Rf7 27. Nxf7 Kxf7 28. Rg5 Ke6 29. Qh3+ Kf7 30. Re5 Re8 31. Qe6+ Kf8 32.
Rf5 1-0

[Event "British Columbia-Washington m"]
[Site "Vancouver CAN"]
[Date "2023.07.02"]
[Round "3.4"]
[White "Doknjas, Neil"]
[Black "Wang, Ted"]
[Result "1-0"]
[WhiteElo "2270"]
[BlackElo "2019"]
[PlyCount "91"]
[EventDate "2023.07.01"]
[EventType "swiss"]
[EventRounds "6"]
[EventCountry "CAN"]

1. e4 c5 2. c3 d5 3. exd5 Qxd5 4. d4 Nf6 5. Nf3 e6 6. Na3 Be7 7. Nb5 Na6 8. Be2
O-O 9. O-O cxd4 10. Nfxd4 Qd8 11. Bf4 Nd5 12. Bg3 Bd7 13. a4 Nc5 14. Bf3 a6 15.
c4 axb5 16. cxd5 bxa4 17. Re1 Qb6 18. dxe6 Bxe6 19. Nxe6 fxe6 20. Qc2 Rfc8 21.
Bg4 Kh8 22. Rac1 Bg5 23. Bxe6 Rc6 24. Bd5 Bxc1 25. Bxc6 Bxb2 26. Bd5 a3 27. Ba2
Nd7 28. Qa4 Qd8 29. Qb5 Nf6 30. Qxb7 Rc8 31. Bf4 h6 32. h3 Bd4 33. Re2 Qd7 34.
Qa6 Bb2 35. Kh2 Re8 36. Rd2 Qf5 37. g3 Qe4 38. Bxh6 Bc1 39. Bxg7+ Kxg7 40. Rd6
Bb2 41. Qa7+ Re7 42. Qc5 Qe5 43. Qb4 Qe1 44. Qf4 Qe5 45. Qd2 Ne4 46. Qh6# 1-0

[Event "British Columbia-Washington m"]
[Site "Vancouver CAN"]
[Date "2023.07.02"]
[Round "3.5"]
[White "Paez, David"]
[Black "Petrov, Ivan"]
[Result "1/2-1/2"]
[WhiteElo "1970"]
[BlackElo "1856"]
[PlyCount "82"]
[EventDate "2023.07.01"]
[EventType "swiss"]
[EventRounds "6"]
[EventCountry "CAN"]

1. e4 d5 2. exd5 Qxd5 3. Nc3 Qd8 4. d4 Nf6 5. Bd3 e6 6. Nf3 a6 7. Qe2 Be7 8.
Bg5 Nc6 9. Rd1 Nd5 10. Nxd5 exd5 11. O-O O-O 12. Bxe7 Qxe7 13. Ne5 Nxe5 14.
dxe5 c6 15. f4 f6 16. Rde1 fxe5 17. Qxe5 Qxe5 18. Rxe5 Bd7 19. Re7 Rad8 20. b4
g6 21. g3 Rfe8 22. Rfe1 Kf8 23. Rxe8+ Rxe8 24. Rxe8+ Kxe8 25. Kf2 Bc8 26. Ke3
Ke7 27. Kd4 Kd6 28. c4 dxc4 29. Bxc4 b6 30. Bg8 h6 31. a4 a5 32. bxa5 bxa5 33.
Bf7 Bf5 34. Kc3 Kc5 35. h3 h5 36. g4 hxg4 37. hxg4 Bxg4 38. Bxg6 Bd1 39. Bc2
Bxc2 40. Kxc2 Kc4 41. f5 Kd5 1/2-1/2

[Event "British Columbia-Washington m"]
[Site "Vancouver CAN"]
[Date "2023.07.02"]
[Round "3.6"]
[White "Yang, Ryan"]
[Black "Xiong, Michael"]
[Result "1-0"]
[WhiteElo "2235"]
[BlackElo "1390"]
[PlyCount "105"]
[EventDate "2023.07.01"]
[EventType "swiss"]
[EventRounds "6"]
[EventCountry "CAN"]

1. e4 c5 2. Nf3 d6 3. d4 cxd4 4. Nxd4 Nf6 5. Nc3 a6 6. h3 b5 7. g4 Bb7 8. Bg2
Nfd7 9. a3 Nb6 10. O-O e6 11. Re1 Be7 12. b3 O-O 13. Bb2 N8d7 14. Nce2 Rc8 15.
Ng3 Bf6 16. e5 Bxg2 17. exf6 Bd5 18. fxg7 Re8 19. Qd2 Qh4 20. Ndf5 Rxc2 21.
Nh6+ Qxh6 22. Qxh6 Rxb2 23. Nh5 Rxb3 24. Re3 Rb2 25. Rd1 Rc8 26. Nf6+ Nxf6 27.
Qxf6 Nc4 28. Rc3 Ra2 29. h4 Rxa3 30. Rxa3 Nxa3 31. h5 b4 32. g5 b3 33. g6 fxg6
34. hxg6 hxg6 35. Rxd5 exd5 36. Qe6+ Kxg7 37. Qxc8 Nc4 38. Qb7+ Kf6 39. Qxb3 a5
40. Qd3 Ke5 41. Qxg6 Kd4 42. Qe8 Kc3 43. Qe1+ Kb3 44. Qd1+ Kb4 45. f4 a4 46. f5
a3 47. f6 Ne5 48. Qxd5 Ng6 49. Qxd6+ Kb3 50. Qd3+ Kb4 51. Qxg6 a2 52. Qe4+ Kc3
53. Qe5+ 1-0

[Event "British Columbia-Washington m"]
[Site "Vancouver CAN"]
[Date "2023.07.03"]
[Round "4.1"]
[White "Song, Ethan"]
[Black "Liu, Austin"]
[Result "0-1"]
[WhiteElo "2256"]
[BlackElo "2174"]
[PlyCount "86"]
[EventDate "2023.07.01"]
[EventType "swiss"]
[EventRounds "6"]
[EventCountry "CAN"]

1. e4 c5 2. Nc3 d6 3. Nge2 Nc6 4. d4 cxd4 5. Nxd4 g6 6. Bb5 Bd7 7. Be3 Bg7 8.
O-O Nf6 9. f3 O-O 10. Qd2 a6 11. Nxc6 bxc6 12. Bc4 Qc7 13. Rad1 Rfd8 14. Qf2
Rab8 15. Bxa6 Rxb2 16. Na4 Rxa2 17. Bb6 Qb8 18. Bxd8 Qxd8 19. e5 Nd5 20. exd6
Rxa4 21. dxe7 Qxe7 22. Rfe1 Qf8 23. Bf1 Bc3 24. Re4 Ra2 25. Rc4 Qa3 26. Bd3 Ra1
27. Rxa1 Qxa1+ 28. Qf1 Qa7+ 29. Qf2 c5 30. Qe2 Bd4+ 31. Rxd4 Qa1+ 32. Kf2 Qxd4+
33. Kf1 Nb4 34. Qe7 Nxd3 35. cxd3 Qxd3+ 36. Kf2 Qd4+ 37. Kg3 h5 38. h4 c4 39.
f4 c3 40. f5 Bxf5 41. Kh2 c2 42. g4 Qf4+ 43. Kg2 Be4+ 0-1

[Event "British Columbia-Washington m"]
[Site "Vancouver CAN"]
[Date "2023.07.03"]
[Round "4.2"]
[White "Sinanan, Joshua"]
[Black "Doknjas, Neil"]
[Result "0-1"]
[WhiteElo "2263"]
[BlackElo "2270"]
[PlyCount "60"]
[EventDate "2023.07.01"]
[EventType "swiss"]
[EventRounds "6"]
[EventCountry "CAN"]

1. Nf3 d5 2. g3 Nf6 3. Bg2 e6 4. O-O Be7 5. d3 O-O 6. Nbd2 c5 7. e4 Nc6 8. Re1
b5 9. e5 Nd7 10. h4 a5 11. Nf1 b4 12. Bf4 a4 13. Qd2 Ba6 14. h5 Re8 15. g4 f6
16. exf6 Bxf6 17. g5 Bxb2 18. g6 h6 19. Bxh6 Bxa1 20. Rxa1 Qf6 21. Re1 gxh6 22.
Qxh6 Re7 23. N1h2 Nde5 24. Nxe5 Nxe5 25. f4 Nxg6 26. hxg6 Rg7 27. Nf3 Rxg6 28.
Qh2 Rf8 29. Ne5 Rg7 30. Rf1 d4 0-1